[Event "Pan American Intercollegiate-chT"]
[Site "Princeton"]
[Date "2012.12.28"]
[Round "2"]
[White "Green, Jeffrey"]
[Black "Gater, Daniel"]
[Result "0-1"]
[WhiteElo "1979"]
[BlackElo "2108"]
[PlyCount "66"]
[EventDate "2012.12.27"]
[EventType "team-swiss"]
[EventRounds "6"]
[EventCountry "USA"]
[SourceTitle "CBM 152 Extra"]
[Source "ChessBase"]
[SourceDate "2013.02.25"]
[SourceVersion "1"]
[SourceVersionDate "2013.02.25"]
[SourceQuality "1"]
[WhiteTeam "ASU"]
[BlackTeam "Dallas II"]
[WhiteTeamCountry "USA"]
[BlackTeamCountry "USA"]

1. Nf3 d6 2. d4 f5 3. c4 Nf6 4. g3 g6 5. Bg2 Bg7 6. 0-0 0-0 7. Nc3 Qe8 8. d5 a5 9. Nd4 Na6 10. e4 fxe4 11. Nxe4 Nxe4 12. Bxe4 Nc5 13. Bg2 Qf7 14. Bg5 Bd7 15. Qd2 Rac8 16. Rae1 Rfe8 17. b3 c6 18. Re3 Be5 19. f4 Bg7 20. Rfe1 e5 21. fxe5 dxe5 22. Rf3 Bf5 23. Nxf5 gxf5 24. Qf2 Qg6 25. Qxc5 Qxg5 26. Ref1 e4 27. Rxf5 Qd2 28. Kh1 e3 29. dxc6 bxc6 30. Bf3 e2 31. Bxe2 Rxe2 32. Rh5 Qd3 33. Qf5 Rf8 0-1

[Event "Palo Verde Old Pueblo op"]
[Site "Palo Verde"]
[Date "2010.07.17"]
[Round "3"]
[White "Green, Jeffrey"]
[Black "Yermolinsky, Alex"]
[Result "1/2-1/2"]
[WhiteElo "1907"]
[BlackElo "2534"]
[PlyCount "48"]
[EventDate "2010.07.16"]
[EventType "swiss"]
[EventRounds "5"]
[EventCountry "USA"]
[SourceTitle "EXT 2014"]
[Source "ChessBase"]
[SourceDate "2013.11.20"]
[SourceVersion "1"]
[SourceVersionDate "2013.11.20"]
[SourceQuality "1"]

1. Nf3 c5 2. g3 Nc6 3. Bg2 e5 4. 0-0 d5 5. d3 f6 6. e4 d4 7. c3 Be6 8. a3 Qd7 9. cxd4 cxd4 10. b4 Bd6 11. Nh4 Nge7 12. f4 0-0-0 13. f5 Bf7 14. Nd2 Kb8 15. Nc4 Nc8 16. Bf3 Nb6 17. b5 Nxc4 18. bxc6 Qxc6 19. dxc4 Bxc4 20. Rf2 Bc5 21. Ng2 Rd7 22. Bd2 Rhd8 23. Bb4 Bb6 24. Qd2 Bb3 1/2-1/2